[Event "Let's Play Chess!New"]
[Site "http://www.queenalice.com/game.php?id=950536"]
[Date "2011.6.16"]
[Round "-"]
[White "Jbeele"]
[Black "lmangifeste"]
[Result "1-0"]
[WhiteElo "1729"]
[BlackElo "1211"]

1. e4 d5 2. exd5 Nf6 3. c4 c6 4. Nc3 cxd5 5. cxd5 Nxd5 6. d4 Nc6 7. Nf3 Bf5 8.
Bd3 Bxd3 9. Qxd3 Ndb4 10. Qd2 Rc8 11. a3 Nd5 12. O-O e6 13. Re1 Be7 14. Qd3 O-O
15. Bd2 h5 16. Rac1 Nxc3 17. bxc3 Bc5 18. Qb5 Bxa3 19. Ra1 Bd6 20. Qxb7 Qf6 21.
Ra6 Rc7 22. Qb5 Rb8 23. Qxh5 Rb2 24. d5 g6 25. Qh6 Bf8 26. Qf4 Qxf4 27. Bxf4 Nb8
28. Raa1 Rc4 29. Bg3 exd5 30. Rxa7 Nc6 31. Ra8 Rxc3 32. Bd6 Rcc2 33. Rxf8+ Kg7
34. Rc8 Ra2 35. Bg3 d4 36. Ne5 Nb4 37. Rd8 Re2 38. Rd1 Nc2 39. Nd3 Kf6 40. Kf1
Re4 41. Ne1 Ke7 42. Rd5 Nxe1 43. Rxe1 Rxe1+ 44. Kxe1 Ra1+ 45. Ke2 Ra4 46. Kd3
Kf8 47. Be5 f5 48. Bxd4 Ke7 49. Rb5 Kd6 50. Rb6+ Kd5 51. Be3 f4 52. Bd2 Rd4+ 53.
Ke2 f3+ 54. gxf3 Rh4 55. Rxg6 Rxh2 56. Rd6+ Ke5 57. Rh6 Rg2 58. f4+ Ke4 59. Rh5
Kd4 60. f5 Ke5 61. Bc3+ Kd6 62. f6 Ke6 63. Rh7 Rg8 64. f7 Rf8 65. f4 Rxf7 66.
Rxf7 Kxf7 67. f5 Ke8 68. Ke3 Kd7 69. Ke4 Ke8 70. Ke5 Kd8 71. Ke6 1-0

[Event "Let's Play Chess!"]
[Site "http://www.queenalice.com/game.php?id=951329"]
[Date "2011.6.18"]
[Round "-"]
[White "twmoore"]
[Black "Jbeele"]
[Result "1-0"]
[WhiteElo "1719"]
[BlackElo "1950"]

1. d4 d5 2. Nc3 Nf6 3. Nf3 Bf5 4. Bf4 e6 5. h3 Bd6 6. Bxd6 Qxd6 7. g4 Bg6 8. Ne5
Nc6 9. a3 Nxe5 10. dxe5 Qxe5 11. Bg2 Ne4 12. Nxe4 Bxe4 13. Bxe4 Qxe4 14. f3 Qe5
15. c3 Qg3+ 16. Kd2 1-0

[Event "Let's Play Chess!"]
[Site "http://www.queenalice.com/game.php?id=951697"]
[Date "2011.6.19"]
[Round "-"]
[White "Belle1996"]
[Black "Jbeele"]
[Result "0-1"]
[WhiteElo "1016"]
[BlackElo "1839"]

1. e4 e6 2. d3 d5 3. exd5 exd5 4. Ne2 Nf6 5. g3 Bd6 6. Bg2 O-O 7. Bf3 Bh3 8. Bh5
Nxh5 9. Be3 Re8 10. Nbc3 Nf6 11. Nxd5 Nxd5 12. Nc3 Nxe3 13. fxe3 Rxe3+ 14. Kd2
Qg5 15. Re1 Re7+ 16. Re3 Qxe3# 0-1

[Event "Let's Play Chess!"]
[Site "http://www.queenalice.com/game.php?id=951864"]
[Date "2011.6.20"]
[Round "-"]
[White "Jbeele"]
[Black "oxidare"]
[Result "0-1"]
[WhiteElo "1831"]
[BlackElo "1653"]

1. e4 d5 2. exd5 Qxd5 3. Nc3 Qe6+ 4. Be2 c6 5. Nf3 h6 6. O-O Nf6 7. Re1 Qd7 8.
d4 e6 9. a3 Bd6 10. Be3 O-O 0-1

[Event "Let's Play Chess!"]
[Site "http://www.queenalice.com/game.php?id=952905"]
[Date "2011.6.23"]
[Round "-"]
[White "breno33"]
[Black "Jbeele"]
[Result "0-1"]
[WhiteElo "1914"]
[BlackElo "1940"]

1. e4 e6 2. e5 Nc6 3. Nf3 d6 4. Bb5 Bd7 5. Qe2 dxe5 6. Nxe5 Qg5 7. Bxc6 Bxc6 8.
f3 Bd6 9. Nxc6 bxc6 10. Nc3 Qh4+ 11. Kd1 Nf6 12. d3 Rb8 13. Ne4 Nxe4 14. fxe4
O-O 15. c3 Rfd8 16. b4 Qf6 17. Bb2 c5 18. Rf1 Qg6 19. bxc5 Bxc5 20. Kc2 e5 21.
Rab1 Qd6 22. Rfd1 Qa6 23. Ra1 Qa4+ 24. Kc1 Rxb2 0-1

[Event "Let's Play Chess!"]
[Site "http://www.queenalice.com/game.php?id=956539"]
[Date "2011.7.4"]
[Round "-"]
[White "artkrup"]
[Black "Jbeele"]
[Result "1-0"]
[WhiteElo "1619"]
[BlackElo "1752"]

1. e4 e6 2. d4 d5 3. exd5 exd5 4. Nc3 Nf6 5. g3 Bb4 6. Bd2 O-O 7. Nce2 Qe7 8.
Bxb4 Qxb4+ 9. c3 Qxb2 10. Qb1 Qxb1+ 11. Rxb1 Re8 12. Bg2 b6 13. c4 Bb7 14. cxd5
Bxd5 15. Bxd5 Nxd5 16. f4 1-0

[Event "Let's Play Chess!"]
[Site "http://www.queenalice.com/game.php?id=958746"]
[Date "2011.7.10"]
[Round "-"]
[White "Scharlatan"]
[Black "Jbeele"]
[Result "1-0"]
[WhiteElo "2213"]
[BlackElo "1913"]

1. e4 e6 2. d4 d5 3. Nd2 dxe4 4. Nxe4 Nd7 5. Nf3 Ngf6 6. Bd3 Nxe4 7. Bxe4 Nf6 8.
Bg5 Be7 9. Bxf6 Bxf6 10. Qd3 h6 11. O-O-O c6 12. Kb1 1-0